000
00275nam a2200133 4500
008
190521s ||||xo d
245
1
0
_a
Dementia
250
_a
2 doplnkove
100
1
_a
Boyer Antony
_9
1099
020
_c
0
041
1
_a
slo
044
_a
xo
_c
SK
958
_a
A
999
_c
22392
_d
22392